000
00486nam a2200181Ia 4500
008
090123s9999 xx 000 0 und d
082
_b
26898
100
_a
गोडबोले अरुण
245
_a
अंतत:
250
_a
1
260
_b
मेहता प्रकाशन
300
_a
100
600
_a
गोडबोले अरुण
630
_a
अंतत:
700
_a
गोडबोले अरुण
730
_a
अंतत:
942
_c
BOOK
999
_c
64967
_d
64967